| 000 | 01055aam a2200373 4500 | ||
|---|---|---|---|
| 005 | 20220916114909.0 | ||
| 008 | 150623b xxu||||| |||| 00| 0 spa d | ||
| 041 | _aspa | ||
| 082 | _a428.3 E242g | ||
| 100 |
_aEvans, Virgina _936844 |
||
| 245 | _aGrammarway with answers 2 | ||
| 260 |
_aEstados Unidos _bExpress _c2012 |
||
| 300 | _a192 páginas | ||
| 650 |
_aINGLÉS ENSEÑANZA _91244 |
||
| 650 |
_aGRAMÁTICA INGLESA _97567 |
||
| 650 |
_aGRAMMAR _936047 |
||
| 650 |
_aPRESENT CONTINUOUS _964526 |
||
| 650 |
_aPRESENT SIMPLE _964528 |
||
| 650 |
_aPAST CONTINUOUS _964652 |
||
| 650 |
_aPRESENT PERFECT SIMPLE _964653 |
||
| 650 |
_aRELATIVES _964654 |
||
| 650 |
_aPRSENT PERFECT CONTINUOUS _964655 |
||
| 650 |
_aPRONOUNS _964656 |
||
| 650 |
_aMODAL VERBS _964535 |
||
| 650 |
_aTHE PASSIVE _964657 |
||
| 650 |
_aCONDITIONALS _964658 |
||
| 650 |
_aADJECTIVES _964532 |
||
| 650 |
_aADVERBS _964533 |
||
| 650 |
_aCOMPARISONS _964659 |
||
| 650 |
_aNOUNS _964660 |
||
| 650 |
_aARTICLES _964661 |
||
| 650 |
_aPREPOSITIONS _964531 |
||
| 942 | _cBK | ||
| 999 |
_c6269 _d6269 |
||